000 00866nam a2200289 i 4500
001 000024912
003 DO-SdBNP
005 20260321073641.0
007 ta
008 090819s1956 dr a 001 j spa d
040 _aDO-SdBNP
_bspa
_cBNPHU
_erda
041 _aspa
049 _aBNPD
082 4 _aRD863.44
_bB742c
_222
100 1 _a Bosch, Juan,
_d1909-2001
_eautor
_4aut.
_976555
245 1 0 _aCuento de navidad /
_cJuan Bosch.
264 1 _aSantiago de Chile :
_bEdiciones Ercilia,
_c1956.
300 _a111 páginas :
_bilustraciones ;
_c19 cm.
336 _atexto
_btxt
_2rdacontent
337 _asin mediación
_bn
_2rdamedia
338 _avolumen
_bnc
_2rdacarrier
590 _aInventariado, 2025/BT
650 4 _aCuentos dominicanos
_9176
650 4 _aLiteratura dominicana.
_967
910 _aValidado. Control de calidad BNPHU
942 _2ddc
_cLBS1
999 _c24405
_d24405